BéNOT, Yves. — Les lumières, l’esclavage, la colonisation, textes réunis et présentés par Roland Desné et Marcel Dorigny, Paris, La Découverte (« Textes à l’appui »), 2005, 310 p., bibl. (notice n° 1583509)
[ vue normale ]
| 000 -LEADER | |
|---|---|
| fixed length control field | 00661cam a2200145 4500500 |
| 005 - DATE AND TIME OF LATEST TRANSACTION | |
| control field | 20251228052420.0 |
| 041 ## - LANGUAGE CODE | |
| Language code of text/sound track or separate title | fre |
| 042 ## - AUTHENTICATION CODE | |
| Authentication code | dc |
| 100 10 - MAIN ENTRY--PERSONAL NAME | |
| Personal name | Gainot, Bernard |
| Relator term | author |
| 245 00 - TITLE STATEMENT | |
| Title | BéNOT, Yves. — Les lumières, l’esclavage, la colonisation, textes réunis et présentés par Roland Desné et Marcel Dorigny, Paris, La Découverte (« Textes à l’appui »), 2005, 310 p., bibl. |
| 260 ## - PUBLICATION, DISTRIBUTION, ETC. | |
| Date of publication, distribution, etc. | 2005.<br/> |
| 500 ## - GENERAL NOTE | |
| General note | 59 |
| 786 0# - DATA SOURCE ENTRY | |
| Note | Cahiers d'études africaines | 179-180 | 3 | 2005-10-01 | p. 1179c-1208c | 0008-0055 |
| 856 41 - ELECTRONIC LOCATION AND ACCESS | |
| Uniform Resource Identifier | <a href="https://shs.cairn.info/revue-cahiers-d-etudes-africaines-2005-3-page-1179c?lang=fr&redirect-ssocas=7080">https://shs.cairn.info/revue-cahiers-d-etudes-africaines-2005-3-page-1179c?lang=fr&redirect-ssocas=7080</a> |
Pas d'exemplaire disponible.




Réseaux sociaux